Rosco de Pasapalabra #72 - Estadísticas

Estadísticas generales
  • Esta prueba ha sido intentada 241 veces
  • La puntuación promedio es 11 de 25
Estadísticas de respuestas
Inicial Definición Respuesta % Correcto
E Conjunto de todas las fuerzas militares de un país Ejército
93%
C Hueso un poco más largo que el radio, con el cual forma el antebrazo Cúbito
88%
I Presentir algo Intuir
86%
Contiene la Ñ Imaginar mientras se duerme sucesos o escenas que se perciben como reales Soñar
85%
R Piedra muy dura y sólida Roca
82%
A Marco de madera con alambres paralelos y bolas móviles, usado para operaciones elementales de aritmética Ábaco
75%
Z Mamífero carnívoro, más pequeño que el lobo, de color pardo rojizo, orejas puntiagudas y cola larga y espesa Zorro
73%
N Que acaba de hacerse, formarse o aparecer Nuevo
69%
U Apoderarse de una propiedad o un derecho que legítimamente pertenece a otro, por lo general con violencia Usurpar
68%
G Microorganismo que puede causar o propagar enfermedades Germen
67%
S Cortar mieses o hierba con la hoz, la guadaña o cualquier máquina a propósito Segar
62%
M Acción o conducta que hace a una persona digna de premio o alabanza Mérito
48%
D Sacerdote de los antiguos celtas Druida
47%
V Hijo o descendiente de una familia Vástago
44%
J Conserva transparente y gelatinosa, hecha con el zumo de algunas frutas Jalea
34%
O Hidrocarburo del petróleo cuya presencia en un carburante se toma como índice de la capacidad antidetonante Octano
28%
B Excavadora de gran potencia, montada sobre orugas y provista de una pala de acero en la parte delantera Buldócer
21%
F Parte del entablamento en los órdenes clásicos que media entre el arquitrabe y la cornisa Friso
18%
Contiene la Y Profesor, funcionario o militar que desempeña sus funciones al lado y bajo la dirección o las órdenes de otro Ayudante
13%
Contiene la Q Tañido de una campana o sonido de un instrumento con que se anuncia algo Toque
10%
Contiene la X Explicación o interpretación, particularmente de los libros de la Biblia Exégesis
9%
P Árbol parecido al abeto, de hojas más puntiagudas y piñas más delgadas, conocido como abeto falso Pícea
4%
H Espacio o extensión de tierra que se ara en un día Huebra
2%
L Apellido del político e historiador autor del libro 'Cómo se defendían los españoles en el siglo 16' Laiglesia
2%
T Montaña de Panamá que es la máxima elevación de la serranía del Darién Tacarcuna
1%
No se encontraron pruebas coincidentes
Distribución de puntuación
Porcentaje de gente con cada puntuación
Porcentaje por número respondido
Historial de tus puntuaciones
No has intentado esta prueba.